000 00371nam a2200157Ia 4500
008 230524s9999 xx 000 0 und d
082 _a621.382
_bSHA
100 _aSanjay Sharma
245 0 _aDigital Image Processing
250 _a1
260 _aNew Delhi
_bKatson
_c2008
300 _a332p;
500 _aQuantity Number: 1
650 _aElectronics
942 _cBK
999 _c56418
_d56418